Taylor Swift - Guess by first verses #3 - Statistics

General Stats
  • This quiz has been taken 46 times
  • The average score is 17 of 20
Answer Stats
Hint Answer % Correct
I walked through the door with you, the air was cold But something ′bout it felt like home somehow And I left my scarf there at your sister's house All Too Well
100%
You booked the night train for a reason So you could sit there in this hurt Bustling crowds or silent sleepers You′re not sure which is worse champagne problems
100%
Mr. "Perfect face" Mr. "Here to stay" Mr. Perfectly Fine
97%
Draw the cat eye, sharp enough to kill a man You did some bad things, but I′m the worst of them Vigilante Shit
97%
There′s glitter on the floor after the party New Year's Day
94%
I love my hometown As much as Motown, I love SoCal London Boy
91%
Our secret moments in a crowded room They got no idea about me and you Dress
89%
I-I-I-I You brush past me in the hallway And you don′t think I-I-I can see ya, do ya? I Can See You
89%
Friends break up, friends get married Strangers get born, strangers get buried Trends change, rumors fly through new skies right where you left me
89%
I can see you standing, honey With his arms around your body exile
86%
I′ve been having a hard time adjusting I had the shiniest wheels, now they're rusting this is me trying
86%
Drowning in the Blue Nile He sent me ′Downtown Lights' Guilty as Sin?
83%
Flashin′ lights and we took a wrong turn And we fell down a rabbit hole Wonderland
83%
I washed my hands of us at the club You made a mess of me Hits Different
80%
We were crazy to think, crazy to think that this could work Remember how I said I′d die for you? False God
77%
It′s 2 a.m. in your car Windows down, you pass my street, the memories start I Wish You Would
74%
Who′s gonna stop us from waltzing back into rekindled flames If we know the steps anyway? loml
74%
Just breathe, just relax, it′ll be okay Just an hour 'til your car′s in the driveway Just the first time ever hanging out with you Electric Touch
66%
I was in my new house placing daydreams Patching up the crack along the wall Cassandra
57%
I was reminiscing just the other day While having coffee all alone, and Lord, it took me away Holy Ground
54%
No matching quizzes found
Score Distribution
Percent of People with Each Score
Percentile by Number Answered
Your Score History
You have not taken this quiz